Kritická miera rozporov civilizácie a globálna ekonomická kríza
Historické korene globálnej krízy. Globálna kríza a nazreté rozpory civilizácie. Kritická miera rozporov v zhodnocovacom procese kapitálu. Bublina konkurencieschopnosti pri inštitucionalizovanom morálnom hazarde. Krízová a pokrízová adaptácia.
Salvato in:
| Autore principale: | |
|---|---|
| Natura: | Capitolo di libro |
| Lingua: | slovacco |
| Soggetti: | |
| Tags: |
Nessun Tag, puoi essere il primo ad aggiungerne!!
|
MARC
| LEADER | 00000naa$a2200000$$$4500 | ||
|---|---|---|---|
| 001 | 0107646 | ||
| 005 | 20231102113554.3 | ||
| 041 | 0 | |a slo | |
| 044 | |a SK | ||
| 245 | 1 | 0 | |a Kritická miera rozporov civilizácie a globálna ekonomická kríza |c Milan Šikula |
| 520 | |a Historické korene globálnej krízy. Globálna kríza a nazreté rozpory civilizácie. Kritická miera rozporov v zhodnocovacom procese kapitálu. Bublina konkurencieschopnosti pri inštitucionalizovanom morálnom hazarde. Krízová a pokrízová adaptácia. | ||
| 610 | 2 | 0 | |a kríza hospodárska |
| 610 | 2 | 0 | |a globalizácia |
| 610 | 2 | 0 | |a vzťahy hospodárske vonkajšie |
| 610 | 2 | 0 | |a kríza finančná |
| 610 | 2 | 0 | |a kapitál bankový |
| 610 | 2 | 0 | |a civilizácia |
| 610 | 2 | 0 | |a konkurencieschopnosť |
| 100 | 1 | |a Šikula, Milan | |